Préfectures avec des doubles lettres - Statistiques

Statistiques générales
  • Ce quiz a été pris 57 fois
  • Le résultat moyen est 18 sur 24
Statistiques - réponses
Lettres Préfectures % Correct
Marseille
98%
La Rochelle
95%
Lille
95%
NN Annecy
88%
Saint-Étienne
85%
CC Ajaccio
83%
Charleville-Mézières
83%
Montpellier
83%
Rennes
83%
Auxerre
80%
Versailles
78%
RR Arras
75%
Carcassonne
75%
Carcassonne
75%
Tulle
75%
Vannes
75%
LL Aurillac
73%
Basse-Terre
65%
SS Basse-Terre
65%
Bourg en Bresse
65%
Clermont-Ferrand
63%
Nanterre
63%
Cayenne
60%
Évry-Courcouronnes
40%
Aucun quiz correspondant
Distribution des résultats
% des personnes avec chaque résultat
Percentile par nombre de réponses
Votre historique - résultats
Vous n’avez pas pris ce quiz